<?xml version="1.0" encoding="UTF-8"?><OAI-PMH xmlns="http://www.openarchives.org/OAI/2.0/" xmlns:xsi="http://www.w3.org/2001/XMLSchema-instance"     xsi:schemaLocation="http://www.openarchives.org/OAI/2.0/ http://www.openarchives.org/OAI/2.0/OAI-PMH.xsd"><responseDate>2026-05-14T17:16:18Z</responseDate><request verb="GetRecord" identifier="oai:regmurcia.com:fintegr.2614" metadataPrefix="marc21">http://oai.regmurcia.com/oai2/oai2.php</request><GetRecord><record><header><identifier>oai:regmurcia.com:fintegr.2614</identifier><datestamp>2026-05-14</datestamp><setSpec>documentos</setSpec></header><metadata><record  xmlns="http://www.loc.gov/MARC21/slim" xmlns:xsi="http://www.w3.org/2001/XMLSchema-instance" xsi:schemaLocation="http://www.loc.gov/MARC21/slim http://www.loc.gov/standards/marcxml/schema/MARC21slim.xsd" type="Bibliographic"><leader>00000nam a2200000   4500</leader><controlfield tag="001" >005069746</controlfield><controlfield tag="003" >2614</controlfield><controlfield tag="004" >A00000000</controlfield><datafield tag="245" ind1=" " ind2=" "><subfield code="a">El concejo de Murcia ordena a su mayordomo, Martín Corvera, que pague a Miguel Dolías Torres 750 maravedíes por llevar unos documentos a Diego de Ayala, mensajero de la ciudad en la corte.</subfield></datafield><datafield tag="300" ind1=" " ind2=" "><subfield code="c">181 x 303 mm.</subfield></datafield><datafield tag="351" ind1=" " ind2=" "><subfield code="a">Unidad Documental Simple</subfield><subfield code="c">Archivo de Murcia. Array</subfield><subfield code="a">Unidad Documental Simple</subfield><subfield code="c">Archivo de Murcia. Array</subfield></datafield><datafield tag="351" ind1=" " ind2=" "><subfield code="b">Nº 13</subfield></datafield><datafield tag="506" ind1=" " ind2=" "><subfield code="a">Acceso restringido</subfield></datafield><datafield tag="520" ind1=" " ind2=" "><subfield code="a">El concejo de Murcia ordena a Martín de Corvera, su mayordomo, el pago de 750 maravedíes a Miguel Dolías Torres por su mandadería a la corte, donde llevó unas cartas y escrituras a Diego de Ayala, regidor y mensajero de la ciudad.
Al dorso recibí de Miguel Dolías, firmado por Jaime de Jaca. (1503-03-01).</subfield></datafield><datafield tag="583" ind1=" " ind2=" "><subfield code="u">http://www.regmurcia.com/servlet/s.Sl?METHOD=VERDOCUMENTO&amp;sit=serv,Carmesi&amp;n=/01/5247/indice.djvu</subfield></datafield><datafield tag="592" ind1=" " ind2=" "><subfield code="a">1503-02-28</subfield></datafield><datafield tag="592" ind1=" " ind2=" "><subfield code="d">1503-02-28 00:00:00</subfield></datafield><datafield tag="651" ind1=" " ind2=" "><subfield code="a">[Murcia]</subfield></datafield><datafield tag="786" ind1=" " ind2=" "><subfield code="o">http://www.regmurcia.com/servlet/s.Sl?METHOD=VERDOCUMENTO&amp;sit=serv,Carmesi&amp;n=/01/5247/indice.djvu</subfield></datafield><datafield tag="856" ind1=" " ind2=" "><subfield code="u">http://www.regmurcia.com/servlet/s.Sl?METHOD=DETALLE&amp;sit=c,373,m,139,serv,Carmesi&amp;id=2614</subfield></datafield></record></metadata></record></GetRecord></OAI-PMH>
